<?xml version="1.0" encoding="UTF-8"?>
<collection xmlns="http://www.loc.gov/MARC21/slim">
  <record>
    <leader>00000nam  2200000   4500</leader>
    <controlfield tag="001">INLIS000000000008018</controlfield>
    <controlfield tag="005">20221226040630</controlfield>
    <datafield tag="035" ind1="#" ind2="#">
      <subfield code="a">0010-1222000128</subfield>
    </datafield>
    <datafield tag="245" ind1="1" ind2="#">
      <subfield code="a">Tembus Kontes Itu Mudah :</subfield>
      <subfield code="b">Kiat Jitu Bersaing dan Sukses Memenangkan Kontes /</subfield>
      <subfield code="c">Lie Charlie</subfield>
    </datafield>
    <datafield tag="100" ind1="1" ind2="#">
      <subfield code="a">CHARLIE, Lie</subfield>
    </datafield>
    <datafield tag="300" ind1="#" ind2="#">
      <subfield code="a">ix, 114 halaman :</subfield>
      <subfield code="b">Gambar ;</subfield>
      <subfield code="c">13x18 cm</subfield>
    </datafield>
    <datafield tag="260" ind1="#" ind2="#">
      <subfield code="a">Bandung :</subfield>
      <subfield code="b">A Nexxmedia Book,</subfield>
      <subfield code="c">2005</subfield>
    </datafield>
    <datafield tag="020" ind1="#" ind2="#">
      <subfield code="a">979-3454-46-6</subfield>
    </datafield>
    <datafield tag="650" ind1="#" ind2="4">
      <subfield code="a">Hadiah 2021</subfield>
    </datafield>
    <datafield tag="520" ind1="#" ind2="#">
      <subfield code="a">Buku ini memberikan petunjuk praktis tentang kontes-kontesan yang sedang marak belakangan ini. Lebih penting lagi, buku ini membantu para calon kontestan agar mereka memiliki kans lebih besar untuk menang dan sekaligus menjadi idola baru</subfield>
    </datafield>
    <datafield tag="250" ind1="#" ind2="#">
      <subfield code="a">Cet. 1</subfield>
    </datafield>
    <controlfield tag="008">221226###########################0#ind##</controlfield>
    <datafield tag="990" ind1="#" ind2="#">
      <subfield code="a">639/H-21</subfield>
    </datafield>
  </record>
</collection>
